| 000 -LEADER |
| fixed length control field |
01191 a2200337 4500 |
| 020 ## - INTERNATIONAL STANDARD BOOK NUMBER |
| International Standard Book Number |
0201586533 |
| 020 ## - INTERNATIONAL STANDARD BOOK NUMBER |
| International Standard Book Number |
9780201586534 |
| 082 04 - DEWEY DECIMAL CLASSIFICATION NUMBER |
| Classification number |
658.049 |
| 090 ## - LOCALLY ASSIGNED LC-TYPE CALL NUMBER (OCLC); LOCAL CALL NUMBER (RLIN) |
| -- |
224 |
| -- |
224 |
| 100 1# - MAIN ENTRY--PERSONAL NAME |
| Personal name |
Griffin, Ricky W. |
| 245 10 - TITLE STATEMENT |
| Title |
International business : |
| Remainder of title |
a managerial perspective / |
| Statement of responsibility, etc. |
Ricky W. Griffin. |
| 260 ## - PUBLICATION, DISTRIBUTION, ETC. |
| Place of publication, distribution, etc. |
[S.l.] : |
| Name of publisher, distributor, etc. |
Addison-Wesley Pub (Sd), |
| Date of publication, distribution, etc. |
1995. |
| 300 ## - PHYSICAL DESCRIPTION |
| Extent |
765 p. ; |
| Dimensions |
26 cm. |
| 500 ## - GENERAL NOTE |
| General note |
Hardcover. |
| 650 #4 - SUBJECT ADDED ENTRY--TOPICAL TERM |
| Topical term or geographic name entry element |
Multinationals. |
| 650 #4 - SUBJECT ADDED ENTRY--TOPICAL TERM |
| Topical term or geographic name entry element |
International Business. |
| 650 #4 - SUBJECT ADDED ENTRY--TOPICAL TERM |
| Topical term or geographic name entry element |
Business & Economics. |
| 650 #4 - SUBJECT ADDED ENTRY--TOPICAL TERM |
| Topical term or geographic name entry element |
Business / Economics / Finance. |
| 650 #4 - SUBJECT ADDED ENTRY--TOPICAL TERM |
| Topical term or geographic name entry element |
Business/Economics. |
| 650 #4 - SUBJECT ADDED ENTRY--TOPICAL TERM |
| Topical term or geographic name entry element |
BUSINESS & ECONOMICS / Exports & Imports. |
| 650 #4 - SUBJECT ADDED ENTRY--TOPICAL TERM |
| Topical term or geographic name entry element |
Business & Economics / International / General. |
| 650 #4 - SUBJECT ADDED ENTRY--TOPICAL TERM |
| Topical term or geographic name entry element |
International - General. |
| 650 #4 - SUBJECT ADDED ENTRY--TOPICAL TERM |
| Topical term or geographic name entry element |
Management - General. |
| 650 #4 - SUBJECT ADDED ENTRY--TOPICAL TERM |
| Topical term or geographic name entry element |
International business enterprises. |
| 650 #4 - SUBJECT ADDED ENTRY--TOPICAL TERM |
| Topical term or geographic name entry element |
Management. |
| 650 #4 - SUBJECT ADDED ENTRY--TOPICAL TERM |
| Topical term or geographic name entry element |
Management & Business: General. |
| 700 1# - ADDED ENTRY--PERSONAL NAME |
| Personal name |
Pustay, Michael W. |
| 856 40 - ELECTRONIC LOCATION AND ACCESS |
| Materials specified |
Amazon.com |
| Uniform Resource Identifier |
<a href="http://www.amazon.com/exec/obidos/ASIN/0201586533/chopaconline-20">http://www.amazon.com/exec/obidos/ASIN/0201586533/chopaconline-20</a> |
| 856 40 - ELECTRONIC LOCATION AND ACCESS |
| Materials specified |
Amazon customer reviews |
| Uniform Resource Identifier |
<a href="http://www.chopac.org/cgi-bin/tools/azrev.pl?q=0201586533">http://www.chopac.org/cgi-bin/tools/azrev.pl?q=0201586533</a> |
| 942 ## - ADDED ENTRY ELEMENTS (KOHA) |
| Institution code [OBSOLETE] |
NBS |
| Koha item type |
Book |
| Call number prefix |
658.049 GRI |